Gulbāng / (Record no. 81423)

MARC details
000 -LEADER
fixed length control field 00631cam a22002294a 4500
001 - CONTROL NUMBER
control field sa 68006654
003 - CONTROL NUMBER IDENTIFIER
control field DLC
005 - DATE AND TIME OF LATEST TRANSACTION
control field 20260227112517.0
008 - FIXED-LENGTH DATA ELEMENTS--GENERAL INFORMATION
fixed length control field 940728s1967 ii af 000 0 urdo
010 ## - LIBRARY OF CONGRESS CONTROL NUMBER
LC control number sa 68006654
025 ## - OVERSEAS ACQUISITION NUMBER
Overseas acquisition number PL480:I-U-2147
035 ## - SYSTEM CONTROL NUMBER
System control number (OCoLC)30844594
040 ## - CATALOGING SOURCE
Original cataloging agency DLC
Transcribing agency DLC
050 00 - LIBRARY OF CONGRESS CALL NUMBER
Classification number PK2199.F55
Item number G87 1967
100 0# - MAIN ENTRY--PERSONAL NAME
Personal name Firāq Gorakhpūrī,
Dates associated with a name 1896-1982.
245 10 - TITLE STATEMENT
Title Gulbāng /
Statement of responsibility, etc. Firāq Gorakhpūrī.
250 ## - EDITION STATEMENT
Edition statement 1. ishāʻat.
260 ## - PUBLICATION, DISTRIBUTION, ETC.
Place of publication, distribution, etc. Allahābād :
Name of publisher, distributor, etc. Sāhityah Kalā Bhavan,
Date of publication, distribution, etc. 1967.
300 ## - PHYSICAL DESCRIPTION
Extent 404 p., [1] leaf of plates :
Other physical details ill. ;
Dimensions 22 cm.
500 ## - GENERAL NOTE
General note Poems.
546 ## - LANGUAGE NOTE
Language note In Urdu.

No items available.

Powered by Koha